| 000 | 00348nam a2200145Ia 4500 | ||
|---|---|---|---|
| 008 | 150201s2011 xx 000 0 und d | ||
| 082 |
_a614.88 _bF11T |
||
| 100 | _aTHYGERSON, ALTON L. | ||
| 245 | _aFRIST AID CPR AND AED STANDARD | ||
| 250 | _a6TH | ||
| 260 |
_bJONES PUB. _aINDIA _c2011 |
||
| 300 | _a112 | ||
| 650 | _aFIRST AID | ||
| 942 |
_2ddc _cBK |
||
| 999 |
_c2336 _d2336 |
||